A New York Christmas : a novel / Anne Perry.
"Anne Perry's new Christmas novel is an irresistible tale of love, betrayal, greed, murder, and selfless devotion. For the first time, Perry's annual yuletide offering is set in New York City--a sparkling young metropolis bursting with life, promise, and subtle menace. The year is 1904. Twenty-three-year-old Jemima Pitt, the daughter of Thomas Pitt, head of the Special Branch of the Metropolitan Police, is crossing the Atlantic as companion to Delphinia Cardew, who is to marry the aristocratic Brent Albright in a high-society New York wedding--a grand affair that will join together two fabulously wealthy families, titans of the international financial world. But Jemima senses a mysterious shadow darkening the occasion. Missing from the festivities is Delphinia's mother, Maria, who is marked by disgrace. Nearly sixteen years ago, Maria abandoned young Delphinia and disappeared--and now the Albrights refuse to mention her name. But when Harley, the groom's charismatic brother, asks Jemima to help him search for Maria and forestall the scandal that would surely follow if the prodigal parent turned up at the wedding, she agrees to assist him. From Hell's Kitchen to Fifth Avenue, the Lower East Side to Central Park, Jemima trudges through strange, snowy streets, asking questions but getting few answers--and never suspecting that she is walking into mortal danger, from which not even a handsome young police officer named Patrick Flannery may be able to protect her. Once more, Anne Perry delivers a suspenseful, deeply moving novel that captures the essence of the holiday spirit"-- Provided by publisher.
Record details
- ISBN: 9780345548467
- ISBN: 0345548469
- Physical Description: 164 pages ; 19 cm
- Publisher: New York : Ballantine Books, 2014
Search for related items by subject
| Subject: | Missing persons > Investigation > Fiction. Weddings > Fiction. New York (N.Y.) > History > 1898-1951 > Fiction. |
| Genre: | Christmas stories. Historical fiction. Detective and mystery stories. |
Search for related items by series
| LDR | 02798cam a2200373Ki 4500 | ||
|---|---|---|---|
| 001 | 138030 | ||
| 003 | CONS | ||
| 005 | 20141125135022.0 | ||
| 008 | 140514s2014 nyu 000 f eng d | ||
| 020 | . | ‡a9780345548467 | |
| 020 | . | ‡a0345548469 | |
| 035 | . | ‡a(CPomAG)LMN586417 | |
| 043 | . | ‡an-us-ny | |
| 050 | 4. | ‡aPS | |
| 082 | 0 | 4. | ‡a823.914 ‡223 |
| 100 | 1 | . | ‡aPerry, Anne, ‡eauthor. |
| 245 | 1 | 2. | ‡aA New York Christmas : ‡ba novel / ‡cAnne Perry. |
| 264 | 1. | ‡aNew York : ‡bBallantine Books, ‡c2014 | |
| 300 | . | ‡a164 pages ; ‡c19 cm | |
| 336 | . | ‡atext ‡2rdacontent | |
| 337 | . | ‡aunmediated ‡2rdamedia | |
| 338 | . | ‡avolume ‡2rdacarrier | |
| 490 | 1 | . | ‡a[Anne Perry Christmas novel] |
| 520 | . | ‡a"Anne Perry's new Christmas novel is an irresistible tale of love, betrayal, greed, murder, and selfless devotion. For the first time, Perry's annual yuletide offering is set in New York City--a sparkling young metropolis bursting with life, promise, and subtle menace. The year is 1904. Twenty-three-year-old Jemima Pitt, the daughter of Thomas Pitt, head of the Special Branch of the Metropolitan Police, is crossing the Atlantic as companion to Delphinia Cardew, who is to marry the aristocratic Brent Albright in a high-society New York wedding--a grand affair that will join together two fabulously wealthy families, titans of the international financial world. But Jemima senses a mysterious shadow darkening the occasion. Missing from the festivities is Delphinia's mother, Maria, who is marked by disgrace. Nearly sixteen years ago, Maria abandoned young Delphinia and disappeared--and now the Albrights refuse to mention her name. But when Harley, the groom's charismatic brother, asks Jemima to help him search for Maria and forestall the scandal that would surely follow if the prodigal parent turned up at the wedding, she agrees to assist him. From Hell's Kitchen to Fifth Avenue, the Lower East Side to Central Park, Jemima trudges through strange, snowy streets, asking questions but getting few answers--and never suspecting that she is walking into mortal danger, from which not even a handsome young police officer named Patrick Flannery may be able to protect her. Once more, Anne Perry delivers a suspenseful, deeply moving novel that captures the essence of the holiday spirit"-- ‡cProvided by publisher. | |
| 650 | 0. | ‡aMissing persons ‡xInvestigation ‡vFiction. | |
| 650 | 0. | ‡aWeddings ‡vFiction. | |
| 651 | 0. | ‡aNew York (N.Y.) ‡xHistory ‡y1898-1951 ‡vFiction. | |
| 655 | 0. | ‡aChristmas stories. | |
| 655 | 7. | ‡aHistorical fiction. ‡2gsafd | |
| 655 | 7. | ‡aDetective and mystery stories. ‡2lcgft | |
| 800 | 1 | . | ‡aPerry, Anne. ‡tChristmas novels. |
| 914 | . | ‡aSCP_jd | |
| 959 | . | ‡i32269000974058 ‡lF Per ‡aAdult - Fiction ‡tFiction ‡g18.00 | |
| 852 | . | ‡p32269000974058 ‡jF Per ‡gAdult - Fiction ‡cFiction ‡y18.00 ‡bSBPL | |
| 901 | . | ‡a138030 ‡bUnknown ‡c138030 ‡tbiblio | |